The limits of social science causal explanation and value relevance

Saved in:
Bibliografiske detaljer
Hovedforfatter: HAMMERSLEY, Martyn
Format: Bog
Sprog:engelsk
Udgivet: SAGE 2014
Tags: Tilføj Tag
Ingen Tags, Vær først til at tagge denne postø!

MARC

LEADER 00000nam a22000007a 4500
008 210412b ||||| |||| 00| 0 eng d
020 |a 978-1-4462-8750-7 
100 |a HAMMERSLEY, Martyn. 
245 |a The limits of social science  |b causal explanation and value relevance  |c Martyn Hammersley  |g vii, 178p. 
260 |b SAGE  |c 2014  |h Los Angeles  |i 692070  |i 692071  |l H61 .H17   |m Social sciences – Philosophy.  
500 |a “It includes references and index” 
942 |a lcc  |c BK  |e YUNUSA, A.A.  |f 12/4/21 
952 |0 0  |1 0  |2 lcc  |4 0  |6 H0061 H17  |7 0  |9 2108  |a HOL  |b SSL  |c GJ  |d 2021-04-12  |l 0  |o H61 .H17   |p 2021-5963  |r 2021-04-12 00:00:00  |w 2021-04-12  |y BK 
952 |0 0  |1 0  |2 lcc  |4 0  |6 H0061 H17  |7 0  |9 2109  |a HOL  |b HOL  |c GJ  |d 2021-04-12  |l 0  |o H61 .H17   |p 2021-5964  |r 2021-04-12 00:00:00  |w 2021-04-12  |y BK 
999 |c 1094  |d 1094